000 01209 a2200229 4500
003 Nust
005 20170207154029.0
010 _a 2003041890
020 _a1580533310 (alk. paper)
040 _cNust
082 0 0 _a621.382/15
100 1 _aJanevski, Toni.
245 1 0 _aTraffic analysis and design of wireless IP networks-(E-BOOK)
_cToni Janevski.
260 _aBoston :
_bArtech House,
_cc2003.
300 _axvi, 368 p. :
_bill. ;
_c24 cm.
440 0 _aArtech House mobile communications series
505 _aIntroduction 1 Third Generation Wireless Mobile Communications and Beyond 9 Wireless Mobile Internet 53 Teletraffic Theory 91 Characterization and Classification of IP Traffic 135 Architecture for Mobile IP Networks with Multiple Traffic Classes 167 Analytical Analysis of Multimedia Mobile Networks 199 Admission Control with QoS Support in Wireless IP Networks 239 Performance Analysis of Cellular IP Networks 271 Handover Agents for QoS Support 299 QoS Provisioning in Wireless IP Networks Through Class-Based Queuing 323 Conclusions 351
650 0 _aMobile communication systems.
650 0 _aTelecommunication
_xTraffic.
650 0 _aWireless communication systems.
651 _aE-BOOK
942 _2ddc
_cBK
999 _c192037
_d192037